Score 0/60 Timer 20:00
0 Plays Today
Hint Answer % Correct
woer, one wishing to marry the one they woesuitor
78.9%
food of the godsambrosia
73.7%
pile of wood for burning corpsespyre
57.9%
act of pouring out wine as a religious offeringlibations
52.6%
acquired by force, usually in warplundered
47.4%
eating large amounts of food quicklygorging
47.4%
to deal out as punishment or justicemete
47.4%
chains, hand-cuffsshackles
47.4%
ageless and undyingimmortal
47.4%
a priest/priestess who tells prophecies, elsewise a place where prophecies are madeoracle
47.4%
prevent someone's plans or wished from being fulfilledthwart
42.1%
weird, mysterious, strangeuncanny
42.1%
fleet of small vesselsflotilla
42.1%
brave, noble, chivalrous gallant
42.1%
rude, haughtyinsolent
36.8%
polished by frictionburnished
36.8%
bitter jeer or blametaunt
36.8%
coarse, cruel, inhuman personbrute
36.8%
intoxicating, excitingheady
36.8%
most important quality or something / mainprime
36.8%
radiant, shininglustrous
36.8%
annoy, irritatevex
36.8%
renounce, give-upforsake
36.8%
grimly mocking, cynical, or sarcasticsardonic
36.8%
sentimentalmawkish
36.8%
reflecting deep, serious thoughtpensive
36.8%
soon fading out of sight, memory, or existenceevanescent
36.8%
salt waterbrine
36.8%
a person in exile or the state of being kept from going homeexile
36.8%
a messenger of newsherald
36.8%
Hint Answer % Correct
very harmful, destructivepernicious
31.6%
cowardly, submissive spineless
31.6%
decent, ancestry lineage
31.6%
satisfy a desire or thirstslake
31.6%
an animal pursued by a hunter or predatory animalquarry
31.6%
walking or behaving in a confident wayswaggering
31.6%
a small wood, orchard, or group of treesgrove
31.6%
being able to avoid painful and embarrassing topicstact
31.6%
stubborn, willful, obstinate headstrong
26.3%
pry out gouged
26.3%
skilled at gaining an advantage wily
26.3%
generous and forgiving to rivals or people lesser than youmagnanimous
26.3%
demonstrating skill and clevernessdeft
26.3%
refusing to obey ordersmutinous
26.3%
sacred, holy (honour as or make holy)hallowed
26.3%
agitate or turn vigorously churning
26.3%
being able to deal with problemsdiplomatic
26.3%
grow weak (~in despair)languish
26.3%
move slowly in a shuffling mannershambling
26.3%
sly or cunning intelligenceguile
26.3%
not honourable in character or purposeignoble
21.1%
tirade; lengthy aggressive speechharangue
21.1%
having a self-assured mannerpoised
21.1%
without injury or harmunscathed
21.1%
attractive and impressive, usually through colourresplendent
21.1%
cleverly, cunninglyshrewdly
15.8%
blamereproach
15.8%
cautiouswary
15.8%
criticize in an angry or abusive manner revile
15.8%
cowered, shrunk back in fearcringed
10.5%
Remove Ads.
Support Sporcle.
Get the best of Sporcle when you Go Orange. This ad-free experience offers more features, more stats, and more fun while also helping to support Sporcle. Thank you for becoming a member.

You're not logged in!

Compare scores with friends on all Sporcle quizzes.
OR
Log In

Show Comments

Extras

Top Quizzes Today


Score Distribution

Your Account Isn't Verified!

In order to create a playlist on Sporcle, you need to verify the email address you used during registration. Go to your Sporcle Settings to finish the process.

Report this User

Report this user for behavior that violates our Community Guidelines.

Details: